MARC

LEADER 00000naa2a2200000 4500
001 621439
005 20231221135610.0
035 |a (RuTPU)RU\TPU\conf\20034 
035 |a RU\TPU\conf\20033 
090 |a 621439 
100 |a 20161222d2016 k y0engy50 ba 
101 0 |a eng 
102 |a RU 
105 |a y z 101zy 
135 |a drgn ---uucaa 
181 0 |a i  
182 0 |a b 
200 1 |a Size effect of lead azid initiation by CO[2] laser radiation  |f V. P. Tsipilev [et al.] 
203 |a Текст  |c электронный 
300 |a Title screen 
463 0 |0 (RuTPU)RU\TPU\conf\19513  |t Energy Fluxes and Radiation Effects (EFRE-2016)  |o International Congress, October 2–7, 2016, Tomsk, Russia  |o abstracts  |f National Research Tomsk Polytechnic University (TPU) ; eds. B. M. Kovalchuk [et al.]  |v [P. 432]  |d 2016 
610 1 |a труды учёных ТПУ 
610 1 |a электронный ресурс 
610 1 |a размерный эффект 
610 1 |a свинец 
610 1 |a азид свинца 
610 1 |a лазерное зажигание 
610 1 |a двуокись углерода 
610 1 |a lead azide 
610 1 |a laser ignition 
610 1 |a size effect 
610 1 |a carbon dioxide laser 
701 1 |a Tsipilev  |b V. P.  |c specialist in the field of lightning engineering  |c Professor of Tomsk Polytechnic University, Doctor of physical and mathematical sciences  |f 1940-  |g Vladimir Papilovich  |3 (RuTPU)RU\TPU\pers\33782  |9 17380 
701 1 |a Forat  |b E. V.  |c Specialist in the field of lightning engineering  |c Engineer Tomsk Polytechnic University  |f 1990-  |g Egor Viktorovich  |3 (RuTPU)RU\TPU\pers\37696 
701 1 |a Razin  |b A. V.  |c specialist in the field of lightning engineering  |c project engineer of Tomsk Polytechnic University  |f 1988-  |g Aleksey Valerievich  |3 (RuTPU)RU\TPU\pers\33786 
701 1 |a Goroshkina  |b K.  |g Ksenia 
712 0 2 |a Национальный исследовательский Томский политехнический университет (ТПУ)  |b Институт физики высоких технологий (ИФВТ)  |b Кафедра лазерной и световой техники (ЛиСТ)  |3 (RuTPU)RU\TPU\col\18690 
712 0 2 |a Национальный исследовательский Томский политехнический университет (ТПУ)  |b Энергетический институт (ЭНИН)  |b Кафедра автоматизации теплоэнергетических процессов (АТП)  |3 (RuTPU)RU\TPU\col\18678 
801 2 |a RU  |b 63413507  |c 20161230  |g RCR 
856 4 |u http://earchive.tpu.ru/handle/11683/35899 
942 |c BK